00259nam a2200097Ia 4500082001900000100001800019245004500037260001800082300000900100440005200109 aRR 027.754 BAV aBavakutty, M. 0aCollege libraries in India: a case study an.p.bn.p.c0 a46p. aPhotocopy from Library Management Vol.7(1) 1986